Daily Capital City Riddle #110 - Statistics

General Stats
  • This quiz has been taken 37 times
  • The average score is 35 of 38
Answer Stats
Type Answer % Correct
Alphabet Letter A
100%
Alphabet Letter C
100%
Alphabet Letter D
100%
Found Letter E
100%
Alphabet Letter G
100%
Alphabet Letter H
100%
Alphabet Letter I
100%
Alphabet Letter L
100%
Found Letter M
100%
Alphabet Letter N
100%
Found Letter O
100%
Found Letter S
100%
Found Letter T
100%
Alphabet Letter W
100%
Found Letter R
97%
Found Letter B
94%
Correctly Placed Letter O
94%
Found Letter P
94%
Alphabet Letter U
94%
Found Letter Y
94%
Correctly Placed Letter O
91%
Correctly Placed Letter R
91%
Correctly Placed Letter T
91%
Alphabet Letter J
88%
Alphabet Letter K
88%
Correctly Placed Letter P
88%
Alphabet Letter V
88%
Alphabet Letter X
88%
Alphabet Letter Z
88%
Correctly Placed Letter E
82%
Alphabet Letter F
82%
Correctly Placed Letter S
82%
Alphabet Letter Q
79%
Correctly Placed Letter B
76%
Correctly Placed Letter M
76%
Mystery Capital Port Moresby
76%
Correctly Placed Letter R
76%
Correctly Placed Letter Y
76%
No matching quizzes found
Score Distribution
Percent of People with Each Score
Percentile by Number Answered
Your Score History
You have not taken this quiz